Lure of the Everest ,story of the first Indian expedition (Record no. 3813)

000 -LEADER
fixed length control field 00417nam a22001457a 4500
008 - FIXED-LENGTH DATA ELEMENTS--GENERAL INFORMATION
fixed length control field 200702b ||||| |||| 00| 0 eng d
082 00 - DEWEY DECIMAL CLASSIFICATION NUMBER
Classification number 915.49604
Item number G996
100 ## - MAIN ENTRY--PERSONAL NAME
9 (RLIN) 3150
Personal name Gyan Singh
245 10 - TITLE STATEMENT
Title Lure of the Everest ,story of the first Indian expedition
260 ## - PUBLICATION, DISTRIBUTION, ETC. (IMPRINT)
Place of publication, distribution, etc Delhi
Name of publisher, distributor, etc Ministry of Information and Broadcasting
Date of publication, distribution, etc 1961
300 ## - PHYSICAL DESCRIPTION
Extent 212p.
365 ## - TRADE PRICE
Unit of pricing 12.50
650 #0 - SUBJECT ADDED ENTRY--TOPICAL TERM
Topical term or geographic name as entry element Travels
942 ## - ADDED ENTRY ELEMENTS (KOHA)
Item type Books
Holdings
Withdrawn status Lost status Source of classification or shelving scheme Damaged status Not for loan Permanent location Current location Date acquired Full call number Barcode Date last seen Koha item type
          IMU Kolkata IMU Kolkata 1961-12-04 915.49604 G996 02612 2020-07-02 Books
Designed and Maintained by IMU-KC Library, Kolkata Campus © Copyright All Rights Reserved

webs counters

Powered by Koha